[Event "Chessable Masters | Final 8"]
[Site "Online"]
[Date "2020.07.03"]
[Round "6"]
[White "Carlsen, Magnus"]
[Black "Giri, Anish"]
[Result "1-0"]
[WhiteElo "2881"]
[BlackElo "2731"]
[EventDate "2020.??.??"]
[Annotator "Bojkov,Dejan"]
[PlyCount "107"]
[Beauty "6735045598748"]
[EventType "schev"]
[EventRounds "2"]

1.d4 Nf6 2.c4 e6 3.Nc3 Bb4 4.a3 {The world champion often chooses this line against the Nimzo-Indian in blitz and rapid.} 4...Bxc3+ 5.bxc3 c5 6.e3 Nc6 7.Bd3 d6 8.Ne2 e5 {In return Giri builds the H\FCbner-Portisch wall.} 9.Ng3 {A pawn sacrifice which Black sensibly rejects.} ( {Also possible is} 9.O-O O-O 10.Ng3 Nd7 11.f4 Nb6 12.fxe5 dxe5 13.d5 Na5 14.Qh5 g6 15.Qxe5 Naxc4 16.Bxc4 Nxc4 17.Qe4 b5 {as in the lenghty game Flores,D (2579)-Jobava,B (2702) Doha 2016} ) 9...h5 ( {Nobody has yet tried:} 9...cxd4 {which would likely transpose into the line below.} ) ( {The other capture was tested by the famous Gibraltar organizer and arbiter Stewart Reuben:} 9...exd4 10.cxd4 cxd4 {Here instead of} 11.O-O ( {White should have opted for} 11.exd4 Nxd4 12.O-O {with rich compensation for a pawn.} ) 11...dxe3 12.Bxe3 Ng4 13.Nf5 $2 Bxf5 14.Bxf5 Nxe3 15.Re1 O-O {which led to insufficient compensation for White in Laitinen,M (1855)-Reuben,S (2102) Velden 2009} ) 10.h4 $146 {A novelty. Carlsen understands these positions into the smallest details and is often getting this same pawn structure as Black when facing the Rossolimo Sicilian.} ( 10.d5 Na5 11.h3 b6 12.e4 h4 13.Nf1 Nh5 14.Nh2 Nf4 15.Bxf4 exf4 16.Nf3 Qf6 {with excellent positon for Black in Berend,E (2370) -Papin,V (2502) Berlin 2015} ) 10...Qe7 11.d5 Nb8 ( {Instead the computer indicates the interesting positional sacrifice} 11...e4 12.Bb1 Ne5 13.Nxe4 Nxe4 14.Bxe4 b6 ) 12.e4 {Now Black has a problem with his kingside as he cannot castle easily.} 12...Bg4 {In order to lock the diagonal d1-h5.} ( 12...g6 $2 {allows a deadly pin after} 13.Bg5 ) 13.f3 Bc8 14.Bg5 {Nevertheless. The pin is extremely unpleasant for Giri.} 14...Qc7 {He breaks it at once, but this leaves his kingside in ruins.} 15.Bxf6 gxf6 16.O-O Nd7 17.f4 {Black's kingside crumbles.} 17...exf4 18.Nxh5 Ne5 19.Nxf6+ {Forcing matters.} ( 19.Rxf4 {was good as well.} ) 19...Kd8 20.Rxf4 Ng6 21.Qf3 $1 {Excellent stuff! The world champion is ready to spend an exchange for the anti-blocker. By doing so he also secures the excellent position of his knight on f6 (which is definitely not weaker than any of the black rooks) and, yes, the h-passer remains alive.} 21...Qe7 ( {Notice that Black's problems persist in the endgame after} 21...Nxf4 22.Qxf4 Qe7 23.h5 Qe5 24.Rf1 Qxf4 25.Rxf4 Ke7 26.Kf2 {as well.} ) ( {There is no other choice:} 21...Nxh4 $2 {loses at once to} 22.Rxh4 Rxh4 23.Qg3 Rh8 24.Qg7 ) 22.h5 Nxf4 23.Qxf4 Qe5 24.Qxe5 {This trades the opponent's best piece at once.} ( 24.Rf1 {would have transposed into the line from above.} ) 24...dxe5 25.g4 {The steed is supported and becomes a super knight.} 25...a5 26.g5 Ra6 27.Rb1 {Carlsen wants to block the a6 rook from entering the battle via the b6 square but forgets about something else.} ( {Stronger was} 27.Be2 $1 {Defending the h5-pawn. Then after} 27...Rb6 28.Kf2 {the lonely black rook cannot do any damage to the white position and White should be able to win, e. g.} 28...Rb3 29.a4 Rxc3 30.Rb1 Ra3 31.d6 {with an unstoppable d6-d7 threat.} ) 27...Rxf6 $1 {Finally some breathing room for the black pieces!} 28.gxf6 Rxh5 29.Rb5 Rh3 ( {It seems as they both missed the strong} 29...Rh6 $1 {White's f6 pawn is the most dangerous asset of his.} 30.Rxc5 ( {Or} 30.Rxa5 b6 31.Ra7 Rxf6 ) 30...Rg6+ $1 {After} ( {Weaker is} 30...Rxf6 31.Rxa5 Rf3 32.Be2 Rxc3 33.Ra8 b6 34.c5 Rxc5 35.Bg4 {and Black is busted due to the pin.} ) 31.Kh2 ( {Or} 31.Kf2 Rxf6+ 32.Ke3 b6 ) 31...Rxf6 32.Rxa5 Rf3 {Black should survive.} ) 30.Be2 Rxc3 31.Rxa5 ( 31.Rxc5 Rxa3 ) 31...Re3 {Going for the wrong pawn.} ( {It was not too late to get rid of White's main trump with} 31...Rg3+ $3 32.Kf2 Rg6 33.Rxc5 Rxf6+ 34.Ke3 Ra6 {when once again Black should survive.} ) 32.Bh5 Rxe4 33.Ra8 $1 {Giri must have missed this. The white pieces find a way to communicate from the different flanks.} ( {Most likely the Dutchman expected} 33.Bxf7 Rg4+ {The checks force the white king to step on the f-file sooner or later:} 34.Kh2 Rh4+ 35.Kg3 Rg4+ 36.Kf3 Rf4+ 37.Ke3 {Then after} 37...Rxf6 38.Bh5 Bd7 $1 {White cannot grab the pawn:} 39.Rxc5 $4 b6 {Therefore it should be equal if White does not get to the c5 pawn.} ) 33...Kc7 ( 33...Rxc4 34.Bxf7 {is also lost for Black.} ) 34.d6+ Kd7 35.Bxf7 Rg4+ 36.Kh2 Rf4 ( {Checks make no sense here:} 36...Rh4+ 37.Kg3 {as the black bishop does not help the rook.} ) 37.Kg3 Rxf6 38.Bh5 $1 {Wins material.} 38...Rf4 39.Bg4+ Kxd6 $1 {The best chance. Black is getting the last but one white pawn and needs to make it to the last one in order to reach the theoretical draw R+B versus R.} ( {Instead} 39...Rxg4+ 40.Kxg4 {would have lost outright as the black bishop cannot enter the battle:} 40...b6 41.a4 Bb7 42.Ra7 Kc8 43.d7+ ) 40.Bxc8 Rxc4 41.Bxb7 {It should be a win, but not as easy as some people think. The black passers can become quite dangerous.} 41...Rc3+ 42.Kg4 {That is not the right direction.} ( {The world champions also need to pay respect to the passers:} 42.Kf2 c4 43.a4 ) 42...c4 43.Be4 Rc1 {In timetrouble Giri misses an excellent chance.} ( {He could have activated his king with} 43...Kc5 44.Kf5 Kd4 45.Rd8+ Ke3 46.a4 Ra3 47.Ra8 ( {Or} 47.Bc6 c3 ) 47...Kd4 $1 {with excellent drawing chances.} ) 44.Ra5 Rf1 45.Kg3 Rf4 46.Bf3 ( {Better was the intermediate} 46.Rd5+ $1 Ke6 47.Bg2 ) 46...Rd4 47.Kf2 Rd3 {The final error.} ( {Black could have still survived with} 47...c3 $1 48.Ra6+ Kd7 {with the idea to meet} 49.Rc6 {With} 49...Rf4 $1 50.Rxc3 e4 ) 48.Be4 Rb3 49.Ke2 {Carlsen consolidates and this is enough after} 49...Rb2+ 50.Ke3 Rb3+ 51.Kd2 Kc7 52.a4 Kb6 53.Rxe5 Rb4 54.Bc2 1-0

[Event "Legends of Chess"]
[Site "Online"]
[Date "2020.07.23"]
[Round "3.1"]
[White "Anand, Viswanathan"]
[Black "Kramnik, Vladimir"]
[Result "0-1"]
[WhiteElo "2751"]
[BlackElo "2756"]
[EventDate "2020.??.??"]
[Annotator "Bojkov,Dejan"]
[PlyCount "126"]
[Beauty "6187303048275"]
[EventType "team-tourn"]

1.e4 e6 2.d4 d5 3.Nc3 Nf6 4.e5 Nfd7 5.f4 c5 6.Nf3 Nc6 7.Be3 Be7 8.Qd2 a6 9.Bd3 {Provoking Black's next queenside expansion.} ( {A recent top GM saw} 9.Be2 b5 10.a3 O-O 11.O-O Qc7 12.dxc5 Nxc5 13.Nd4 Bb7 14.Nxc6 Bxc6 15.Bd4 Ne4 {Dominguez Perez,L (2758) -Caruana,F (2835) Clutch Chess 2020} ) 9...b5 10.a3 c4 11.Be2 {The center is blocked, and both sides have clear plans. White is playing on the kingside and Black on the opposite wing, disregarding where the opponent is going to castle.} 11...Nb6 12.O-O Bd7 13.Bd1 $1 $146 {A novelty and a nice, multifunctional move. Anand can regroup his pieces now in various ways, like Nc2-e2-g3 or Qd2-f2-g3, but above all he can bring his light-squared bishop into the game with c2-c3 and Bd1-c2 to support the f4-f5 advance.} ( 13.Kh1 g6 14.Na2 Qc7 15.c3 a5 16.Ng5 a4 17.Rae1 Na5 {was Lodi,L (1991)-Fur,K (1870) Hungary 2009} ) 13...g6 14.h3 Qc7 {Kramnik prepares the king evacuation on the queenside.} 15.Bf2 {While Anand uses the weakened d8-h4 diagonal to offer a favorable bishop trade.} 15...h6 $1 {A useful move that adds control to the g5-square and sets up a nice trap.} ( {After} 15...O-O-O {White can change his mind and go for the king with} 16.b3 ) ( {Whereas} 15...h5 {would likely be met as in the game:} 16.Ne2 ) 16.Ne2 $1 {White is alert.} ( {The trap would have worked after} 16.Bh4 $2 Nxd4 $1 17.Bxe7 ( 17.Qxd4 Bc5 ) 17...Nxf3+ 18.Bxf3 Kxe7 {and Black wins a pawn.} ) 16...a5 17.c3 O-O-O 18.Bh4 Bxh4 19.Nxh4 Kb7 ( {A pseudo-active move like} 19...g5 {will only make things easier for White on the kingside:} 20.Nf3 $1 ) 20.Nf3 ( {It is a tad early for} 20.g4 h5 $1 ) 20...Ra8 21.Bc2 Qd8 22.g4 {Here Anand seemed to rush a bit.} ( {Prophylaxis like} 22.Rab1 $5 {followed by further kingside preparation might have been more prudent.} ) 22...Qe7 $1 ( {The opening of the files will favor White:} 22...h5 23.Kg2 hxg4 24.hxg4 Qe7 25.Rh1 {followed by Ne2-g3 and White has the better game.} ) 23.Ng3 b4 {Less experienced players might be somewhat puzzled that both great players are attacking on the sides where their kings are. This, however, is the right approach as both sides need to destroy the opponent's pawn chains from their roots as Nimzowitsch taught us.} 24.axb4 axb4 25.Rxa8 Rxa8 {Kramnik traded a pair of rooks, thus relieving his kingside situation and also gaining an open file.} 26.f5 ( {Once again prophylaxis makes sense:} 26.Bb1 $5 ) 26...gxf5 27.gxf5 Ra2 28.Qc1 ( {No time to chase the rook away:} 28.Bb1 $2 bxc3 29.Qxc3 Na4 {and Black wins a pawn.} ) 28...bxc3 29.bxc3 Qa3 $1 {Black is faster on the queenside, and it makes sense for him to enter an endgame.} 30.Bb1 ( {Objectively better is} 30.Qxa3 Rxa3 31.Ne2 exf5 32.Ne1 Ne7 33.Ng2 {with an unclear endgame.} ) 30...Qxc1 {Straightforward but not optimal.} ( {Two other moves would be even more prudent:} 30...Rb2 $1 {with the idea} 31.Rf2 Rb3 ) ( {Or} 30...Ra1 $5 {looking for a better moment to swap the queens off.} ) 31.Rxc1 Rb2 32.f6 $1 {Anand is creating a "reserved passer." Technically speaking, the f6-pawn is not a passer, but it is dangerously close to the promotional square.} 32...Na4 33.Bh7 Na5 {And once that defender leaves, the fireworks start.} 34.Bg6 $1 {The right square to attack. The passer is about to start moving.} 34...Nb3 ( {Surely not:} 34...fxg6 35.f7 ) ( {If} 34...Be8 35.Nf5 $3 {might transpose into the game, since} 35...exf5 ( {If} 35...fxg6 36.Nd6+ ) ( 35...Nb3 36.Nd6+ Kc7 {could transpose to one of the lines below.} ) 36.e6 {is immediately game over, and this is where we see why the bishop needs to attack from g6 rather than from g8.} ) 35.Re1 Be8 {Now comes another study-like blow.} 36.Nf5 $3 {All pieces do their best to clear the path for the future queens.} 36...fxg6 $1 {The best practical chance for Kramnik.} ( {The other capture loses at once to} 36...exf5 37.e6 fxg6 38.f7 ) ( {Whereas} 36...Kc7 {or any other king move on the c-file can be met with} 37.Nd6 Kd7 38.Bxf7 Bxf7 39.Nxf7 Nxc3 {With the neat refutation} 40.Nh8 $3 {Now} ( {tather than} 40.Nxh6 {which allows a neat counter-attack:} 40...Nc1 $3 41.f7 N3e2+ 42.Kf2 Nd3+ 43.Ke3 Nef4 44.Nd2 ( 44.f8=Q Ng2# ) 44...Ng2+ 45.Ke2 Ngf4+ {with perpetual.} ) 40...Nc1 {does not work due to} 41.Rxc1 $1 Ne2+ 42.Kf1 Nxc1 43.f7 Ke7 ( {Or} 43...Rb8 44.Ng6 ) 44.Nh4 {and the knights are perfectly coordinated to win a whole rook.} ) 37.Nd6+ {The knight makes it through, and the f6-pawn becomes a real, defended passer. Kramnik's moves seem counted.} 37...Kc7 38.Nxe8+ Kd7 39.Nd6 g5 40.Nf5 $3 {The same, lovely square for the knight!} 40...Ke8 ( {Since} 40...exf5 {leaves the passers unstoppable:} 41.e6+ Ke8 42.f7+ Kf8 43.e7+ ) 41.Nxh6 Nxc3 42.Nxg5 ( 42.f7+ Ke7 43.Nxg5 {would have transposed.} ) 42...Nxd4 43.f7+ Ke7 44.Ra1 {Mr. Time Trouble enters the game from here on, big time.} ( {So far Anand has played a fantastic game, and had he found} 44.Rf1 $1 Nce2+ 45.Kf2 {he would have sealed his edge.} ) 44...Nce2+ 45.Kf2 Nf4+ $1 {Kramnik's knight dances are equally impressive.} 46.Kg3 ( {It is not too late to win with} 46.Kf1 $1 Nc6 47.Ng8+ Kf8 48.Nf6 Ke7 49.f8=Q+ Kxf8 50.Ra8+ Rb8 51.Nd7+ Ke7 52.Nxb8 Nxe5 53.Na6 {and despite the technical issues, White should convert.} ) ( 46.Ke3 Nc2+ 47.Kxf4 Nxa1 48.Ng8+ Kf8 49.Nh6 Ke7 {is a draw only.} ) 46...Ng6 47.Ra7+ Kd8 $1 ( {Avoiding} 47...Kf8 48.Nh7+ Kg7 49.f8=Q# ) 48.Ra8+ Kc7 $1 {Again Black avoids a deadly trap.} ( 48...Ke7 49.Ng8+ Kd7 50.Ra7+ Kd8 51.Ne7 $1 {and White wins.} ) 49.Rg8 Ne2+ 50.Kf2 {There is no need of this.} ( {Stronger is} 50.Kf3 $1 Nxe5+ 51.Ke3 Nxf7 52.Nhxf7 c3 53.Nxe6+ {with a likely draw as the strong black passer compensates for White's extra piece.} ) 50...Nef4+ 51.Ke3 $1 {Now it is Anand's turn to avoid a trap.} ( 51.Kf3 {would lose instead due to} 51...c3 52.Rxg6 Nxg6 53.Nxe6+ Kb7 54.Nf4 ( {Or} 54.Nd4 c2 55.Nxc2 Rxc2 56.e6 Rc3+ ( {Also good is the immediate:} 56...Rc6 $1 57.e7 Rf6+ $1 ) 57.Kf2 Rc6 58.e7 Rf6+ {and Black wins.} ) 54...Nxe5+ {and wins.} ) 51...c3 52.Nxe6+ {Now the tables turn definitely in Kramnik's favor.} ( {If Anand had an extra minute on his clock, he would have no doubt found the study-like escape} 52.Rxg6 $3 Nxg6 53.Nxe6+ Kd7 54.Nf4 d4+ 55.Ke4 c2 56.e6+ Kc7 57.Nd3 {and this looks like an objective draw.} ) 52...Nxe6 53.Rxg6 d4+ 54.Ke4 Re2+ ( {Missing an instant win:} 54...c2 $1 55.Rxe6 c1=Q 56.f8=Q Qc2+ 57.Kxd4 Qa4+ ) 55.Kf3 Re3+ 56.Kg4 Nf8 ( {Here} 56...c2 $2 {is not working anymore:} 57.Rxe6 c1=Q 58.f8=Q {as the white king is safe enough, and it is the first player who wins.} ) 57.Rg8 Nd7 58.Nf5 ( {Obviously not} 58.f8=Q Nxf8 59.Rxf8 c2 ) 58...c2 {Both players play purely on intuition; there is no time to calculate anything.} ( {How incredibly complicated the position is, is demonstrated by the inclusion of an intermediate check with} 58...Re4+ 59.Kf3 {Then} 59...c2 60.Rg1 d3 61.Kxe4 d2 62.e6 {leads to a truly mind-boggling position! Which pawn to promote first?} 62...c1=Q {is the correct choice.} ( {As:} 62...d1=Q 63.exd7 c1=Q $2 {would even lose for Black due to} 64.d8=Q+ $1 {when most of the queens disappear:} 64...Qxd8 ( {Or} 64...Kxd8 65.Rxd1+ Qxd1 66.f8=Q+ ) 65.Rxc1+ Kb6 66.Ke5 $1 $18 ) 63.exd7 Qc4+ $1 ( {Not:} 63...Qxg1 64.d8=Q+ Kxd8 65.f8=Q+ {and White wins.} ) 64.Nd4 Qxf7 65.d8=Q+ Kxd8 66.Rd1 $10 {and it all finally ends peacefully.} ) 59.Nxe3 c1=Q ( {Instead:} 59...dxe3 60.e6 c1=Q 61.exd7 {would sooner or later lead to a perpetual:} 61...Qg1+ ( 61...Qd1+ ) ) 60.Nd5+ Kb7 61.e6 Qd1+ 62.Kg5 Qd2+ {A determined-to-win Kramnik crosses the line!} ( 62...Qg1+ {would be a draw.} ) 63.Kg6 {And Anand succumbs to the pressure!} ( {He could have won instead with} 63.Nf4 $1 Nc5 $1 {And one more study motif:} 64.Rg6 $3 ( {Apparently they only considered} 64.f8=Q Nxe6+ ) 64...Ne4+ 65.Kf5 Qb4 66.Nd3 $1 {winning.} ( {Or} 66.Kxe4 $1 ) ) 63...Qg2+ {Now Kramnik captures all the white pawns, therefore...} 0-1

[Event "Legends of Chess"]
[Site "Online"]
[Date "2020.07.24"]
[Round "4.4"]
[White "Leko, Peter"]
[Black "Kramnik, Vladimir"]
[Result "0-1"]
[WhiteElo "2710"]
[BlackElo "2756"]
[EventDate "2020.??.??"]
[Annotator "Bojkov,Dejan"]
[PlyCount "82"]
[Beauty "7562250422823"]
[EventType "team-tourn"]

1.d4 Nf6 2.c4 e6 3.Nf3 d5 4.Nc3 Nbd7 5.cxd5 exd5 6.Bg5 c6 {The solid Carlsbad.} 7.Qc2 h6 8.Bh4 Be7 9.e3 O-O 10.Bd3 Re8 11.O-O Ne4 12.Bxe4 Bxh4 13.Bh7+ Kh8 14.Nxh4 ( {White got his slight advantage in the following game:} 14.Bd3 Be7 15.Rab1 a5 16.a3 Bd6 17.b4 axb4 18.axb4 Nb6 19.b5 c5 20.dxc5 Bxc5 21.Ne2 Bd6 {Fier,A (2560)-Mareco,S (2629) chess24.com INT 2020} ) 14...Qxh4 15.Bd3 Qe7 16.Rab1 {Leko is preparing the minority attack.} 16...a5 {The normal reaction that not only slows down White but also swaps a potentially weak a-pawn and opens a file for the black rooks.} 17.Na4 $146 {A logical move and a novelty.} 17...Kg8 ( {The immediate} 17...g6 {could save a tempo for Black.} ) 18.Rfc1 {Supporting the knight for the battle for the c5-spot.} ( {In case of} 18.a3 $5 Qd6 19.Rfe1 {Black may consider} 19...b5 20.Nc5 Nxc5 {plugging the hole on the c5-square.} ) 18...Qd6 19.a3 g6 20.h3 {It is not very obvious how valuable this prophylaxis is. In fact, later it appears that... but better wait and see.} ( {Leko did not like that the obvious} 20.b4 {can be met with} 20...axb4 21.axb4 b5 $1 22.Nb2 ( {Or} 22.Nc5 Nxc5 23.Qxc5 Qxc5 24.Rxc5 Bd7 {and Black is good thanks to the open a-file.} ) 22...Bb7 {Followed by Nd7-b6-c4.} ) 20...Kg7 21.Qc3 ( {Here} 21.b4 axb4 22.axb4 b5 23.Nb2 Bb7 24.Qc3 Nb6 25.Ra1 {is a tad more interesting.} ) 21...h5 {Kramnik expands on "his" flank.} 22.Ra1 Qf6 ( {With the a-file blocked,} 22...b5 {makes little sense and leads to clear edge for White after} 23.Nc5 Nxc5 24.Qxc5 Qxc5 25.Rxc5 Bd7 26.h4 $1 ) 23.b4 axb4 24.axb4 Qg5 ( {Once again,} 24...b5 25.Nc5 Rxa1 26.Rxa1 Nxc5 27.Qxc5 {favors White.} ) 25.Kf1 {The king leaves the danger zone, as the pin creates the constant threat of a bishop capture on h3.} ( {However:} 25.Nc5 $5 {would have been reasonable choice, with slight edge for White after:} 25...Rxa1 26.Rxa1 Nxc5 27.dxc5+ ) 25...Nf6 {The black pieces are quite active, and various tricks start to pop up.} 26.Qc2 {Away from the knight forks.} ( {One such fork might have happened in the line} 26.Nc5 Bf5 27.Bxf5 Qxf5 28.Nxb7 ( 28.Kg1 {is better instead with some slight edge for White.} ) 28...Rxa1 29.Rxa1 Qxf2+ $1 30.Kxf2 Ne4+ ) 26...Qh4 $1 {Kramnik's threats are far more serious than they seem.} 27.Nb6 {A blunder!} ( {After} 27.Kg1 {Black would most likely sacrifice the bishop anyway:} 27...Bxh3 $1 28.gxh3 Qxh3 29.Bf1 Qh4 30.Bg2 Ng4 {with a strong attack on the kingside.} ) ( {Therefore:} 27.Qe2 {is called for, when Black has a pleasant choice between the computer-brewed draw} 27...Bxh3 ( {or the human-inspired development with} 27...Nh7 ) 28.gxh3 Ng4 29.Kg2 Nxe3+ 30.fxe3 Qg5+ 31.Kf2 Qh4+ {with perpetual.} ) 27...Rxa1 28.Rxa1 Bxh3 $1 {The pawn push turns out to be a liability after all. The attack is decisive.} 29.gxh3 Qxh3+ 30.Ke1 ( {More resilient is} 30.Ke2 Ng4 31.Qc1 Qg2 32.Qf1 Rxe3+ 33.Kd2 {although Black should also win here with} 33...Rg3 $1 ) 30...Qh1+ 31.Bf1 h4 {The dangerous passer coupled with the threats against the white king leave Leko no chances.} 32.Ke2 Ng4 33.Re1 h3 34.Qc1 Qh2 35.Kd3 Nxf2+ 36.Kc3 Qc7 37.Na4 h2 38.Bg2 Qg3 39.Bh1 Nxh1 40.Rxh1 Rxe3+ 41.Kc2 Re2+ 0-1